[Event "18th ch-EUR Indiv 2017"]
[Site "Minsk BLR"]
[Date "2017.06.06"]
[Round "7.13"]
[White "Jones,G"]
[Black "Pantsulaia,L"]
[Result "1-0"]
[WhiteElo "2654"]
[BlackElo "2594"]

1.c4 Nf6 2.Nc3 c5 3.Nf3 e6 4.g3 b6 5.Bg2 Bb7 6.O-O d6 7.Re1 Nbd7 8.e4 Ne5 9.d4
Nxf3+ 10.Bxf3 cxd4 11.Nb5 Nd7 12.e5 Bxf3 13.Qxf3 dxe5 14.Qxa8 Qxa8 15.Nc7+ Kd8
16.Nxa8 Bd6 17.Bd2 Ke7 18.Nxb6 axb6 19.a4 Nc5 20.b4 Nd3 21.Reb1 Rc8 22.a5 Rxc4
23.axb6 Rc6 24.Ra7+ Kf6 25.b5 Rxb6 26.Ba5 Rb8 27.Rd7 Be7 28.Rb3 e4 29.Rxd4 Nc5
30.Rb1 e5 31.Rc4 Rb7 32.b6 Ke6 33.Rb5 Kd5 34.Rc1 Kc6 35.Rbxc5+ Bxc5 36.Bb4
{#r} 1-0

[Event "18th ch-EUR Indiv 2017"]
[Site "Minsk BLR"]
[Date "2017.06.06"]
[Round "7.42"]
[White "Romanov,E"]
[Black "Sturua,Z"]
[Result "1-0"]
[WhiteElo "2636"]
[BlackElo "2555"]

1.c4 Nf6 2.Nf3 b6 3.g3 Bb7 4.Bg2 c5 5.O-O g6 6.d4 cxd4 7.Qxd4 Bg7 8.Nc3 d6
9.Be3 Nbd7 10.Rac1 Rc8 11.b3 O-O 12.Qh4 a6 13.Rfd1 Rc7 14.g4 Re8 15.Bh3 b5
16.g5 b4 17.gxf6 Bxf6 18.Ng5 Bxg5 19.Bxg5 bxc3 20.Rxd6 f5 21.Rxc3 Qc8 22.Rd1
Nc5 23.f3 Rd7 24.Rcc1 e5 25.Rxd7 Qxd7 26.Be3 Ne6 27.Qf6 Nf4 28.Bf1 Nh5 29.Qh4
f4 30.Bb6 e4 31.Qf2 Qd2 32.Qe1 Qd6 33.c5 Qf6 34.Qc3 Qg5+ 35.Bg2 Bd5 36.c6 e3
37.Qa5 Nf6 38.Bd8 {#r} 1-0

[Event "18th ch-EUR Indiv 2017"]
[Site "Minsk BLR"]
[Date "2017.06.07"]
[Round "8.79"]
[White "Svane,R"]
[Black "Mazur,Ste"]
[Result "1-0"]
[WhiteElo "2573"]
[BlackElo "2459"]

1.Nf3 Nf6 2.g3 b6 3.Bg2 Bb7 4.O-O c5 5.c4 g6 6.d4 cxd4 7.Qxd4 Bg7 8.Nc3 d6
9.Rd1 Nbd7 10.Be3 Rc8 11.Rac1 O-O 12.Qh4 a6 13.b3 Rc7 14.Bh3 Qa8 15.Bxd7 Nxd7
16.Qxe7 Bxf3 17.exf3 Re8 18.Qxd6 Ne5 19.Qxc7 Nxf3+ 20.Kh1 Bxc3 21.Rd5 Be5
22.Qd7 Bf6 23.Rcd1 b5 24.c5 Re6 25.Qc7 Nd4 26.Rxd4 Bxd4 27.Qd8+ {#r} 1-0

[Event "18th ch-EUR Indiv 2017"]
[Site "Minsk BLR"]
[Date "2017.06.10"]
[Round "11.99"]
[White "Sadovsky,Artem"]
[Black "Kanarek,M"]
[Result "0-1"]
[WhiteElo "2407"]
[BlackElo "2519"]

1.c4 c5 2.g3 Nc6 3.Bg2 g6 4.e3 Bg7 5.Ne2 e5 6.Nbc3 Nge7 7.a3 O-O 8.Rb1 a5
9.O-O d6 10.d3 Rb8 11.Bd2 Be6 12.Nd5 b5 13.cxb5 Rxb5 14.Qa4 Qb8 15.Nec3 Rb3
16.Nxe7+ Nxe7 17.Qxa5 Rc8 18.Rfc1 d5 19.e4 Nc6 20.Qa4 d4 21.Nd5 Bf8 22.Bb4
Rxd3 23.Bxc5 Bh6 24.Bf1 Qb3 25.Qxb3 Rxb3 26.Bc4 Bxc1 27.Bxb3 Na5 28.Ne7+ Kg7
29.Bxe6 Rxc5 30.b4 Rc2 31.Bg4 Bxa3 32.Bd1 Rd2 33.Nd5 Nc4 34.Bb3 Nd6 35.f3 Nb5
36.Ra1 d3 37.Bc4 Bb2 38.Re1 Bd4+ 39.Kh1 Na3 40.Ba6 Nc2 41.Rb1 Ne3 42.Nxe3 Bxe3
43.Bc4 f5 44.b5 Bb6 45.h4 Kf6 46.Re1 h5 47.Ra1 Ke7 48.Rb1 Ke8 49.Re1 fxe4
50.fxe4 Kd7 51.Rf1 Bd4 52.Bf7 Re2 53.Bxg6 d2 54.Bxh5 Rxe4 55.Rd1 Re1+ 56.Kg2
Bc3 57.Bg4+ Kc7 58.h5 e4 59.h6 e3 60.h7 e2 61.h8=Q Bxh8 62.Bxe2 Rxe2+ 63.Kf1
Rh2 64.Kg1 Re2 65.Kf1 Re3 66.Rxd2 Rxg3 67.Ke2 Rg5 68.Kd3 Rxb5 69.Kc4 Rh5
70.Rd5 Rh4+ 71.Kb5 Bf6 72.Rc5+ Kd7 73.Rd5+ Ke6 74.Rd1 Be7 75.Re1+ Kd7 76.Rd1+
Bd6 77.Rb1 Rd4 78.Rb3 Ke6 79.Kc6 Rc4+ 80.Kb5 Rc5+ 81.Kb6 Rc8 82.Rh3 Be5 83.Rd3
Bc3 84.Kb5 Ke5 85.Rd7 Bd4 86.Re7+ Kd6 87.Rh7 Bc3 88.Rh5 Be5 89.Kb4 Kd5 90.Kb3
Rc3+ 91.Kb4 Rf3 92.Rg5 Rf2 93.Ka3 Re2 94.Rg8 Re3+ 95.Ka4 Bd6 96.Rc8 Bc5 97.Kb5
Rb3+ 98.Ka6 Kc4 99.Rc6 Rb8 100.Rg6 Be3 101.Re6 Bd4 102.Rc6+ Bc5 103.Re6 Kd5
104.Rh6 Bd6 105.Ka7 Rb1 106.Ka6 Kc6 107.Rh5 Rb8 108.Ka7 Re8 109.Rh6 Re1 {#R}
0-1

[Event "52nd Capablanca Mem Elite"]
[Site "Matanzas CUB"]
[Date "2017.06.06"]
[Round "10.2"]
[White "Cordova,E"]
[Black "Piorun,K"]
[Result "0-1"]
[WhiteElo "2645"]
[BlackElo "2638"]

1.Nf3 c5 2.c4 g6 3.d4 cxd4 4.Nxd4 Bg7 5.Nc3 Nc6 6.Nc2 Bxc3+ 7.bxc3 Qa5 8.e4
Nf6 9.f3 Qxc3+ 10.Bd2 Qe5 11.Rb1 b6 12.Be2 Ba6 13.Qc1 Rc8 14.Qa3 Na5 15.Ne3 d6
16.Bc3 Qc5 17.Qxc5 Rxc5 18.Bb4 Rc8 19.Bxa5 bxa5 20.c5 Bxe2 21.Kxe2 Kd7 22.cxd6
exd6 23.Rhd1 Rb8 24.Rxb8 Rxb8 25.Nc4 Ne8 26.Rd5 a6 27.Kd3 a4 28.Kc3 Rb5
29.Ne5+ Ke6 30.Rxb5 axb5 31.Nc6 Nc7 32.Kb4 f5 33.exf5+ gxf5 34.g4 fxg4 35.fxg4
Kd5 36.Ne7+ Ke4 37.g5 d5 38.Kc3 d4+ 39.Kd2 b4 40.Nc6 Nd5 41.Na5 Ne3 42.h4 b3
43.Nxb3 axb3 44.axb3 d3 45.h5 Nf1+ 46.Kd1 Ke3 {#R} 0-1

[Event "8th Dolomiti Open 2017"]
[Site "Forni di Sopra ITA"]
[Date "2017.06.12"]
[Round "3.2"]
[White "Matamoros Franco,C"]
[Black "Henderson de La Fuente,Lance"]
[Result "1-0"]
[WhiteElo "2478"]
[BlackElo "2365"]

1.Nf3 c5 2.c4 Nc6 3.Nc3 e5 4.d3 g6 5.a3 Bg7 6.b4 d6 7.Rb1 Nge7 8.g3 b6 9.Bg2
Bb7 10.O-O Rb8 11.Bg5 f6 12.Bd2 O-O 13.Qa4 Nd4 14.Nxd4 exd4 15.Nd5 Nxd5
16.cxd5 Ra8 17.Rfe1 Qe8 18.Qb3 Qf7 19.a4 Rac8 20.bxc5 dxc5 21.a5 Rfd8 22.axb6
axb6 23.Rec1 Bxd5 24.Bxd5 Rxd5 25.Qxb6 Re5 26.e4 dxe3 27.Bxe3 Qd5 28.Qb3 Qxb3
29.Rxb3 Rd5 30.d4 c4 31.Rbc3 f5 32.Rxc4 Rcd8 33.Rd1 f4 34.gxf4 R8d7 35.Kg2 Kf7
36.Kf3 Rh5 37.Kg3 Rhd5 38.Kf3 Rh5 39.Kg3 Rhd5 40.Rd2 Ke6 41.Rc5 R5d6 42.Rc4
Rd5 43.Kg4 Bf8 44.Ra2 Bg7 45.Raa4 Bf8 46.Rc6+ Kf7 47.Rca6 Bg7 48.Ra7 Ke6
49.R4a6+ Kf7 50.Ra5 Bf6 51.Rxd5 Rxa7 52.f5 h5+ 53.Kf3 g5 54.h3 Rb7 55.Rc5 Rb1
56.Rc7+ Kg8 57.Ke4 Rb5 58.Rc5 {#r} 1-0

[Event "CHN Team Men 2017"]
[Site "Beijing CHN"]
[Date "2017.06.08"]
[Round "3.5"]
[White "Chu Wei Chao"]
[Black "Zuo,Yifan"]
[Result "1-0"]
[WhiteElo "2334"]
[BlackElo "2139"]
[EventType "team"]

1.Nf3 c5 2.c4 Nc6 3.g3 g6 4.Bg2 Bg7 5.O-O e6 6.Nc3 Nge7 7.d3 O-O 8.Bd2 d5
9.Qc1 b6 10.Bh6 Bb7 11.cxd5 exd5 12.Bxg7 Kxg7 13.d4 Rc8 14.Rd1 c4 15.h4 h5
16.Bh3 Rb8 17.Qf4 Bc8 18.Bg2 f6 19.e4 Be6 20.Qe3 Qd7 21.e5 Bg4 22.exf6+ Rxf6
23.Ne5 Qf5 24.f3 Bh3 25.g4 hxg4 26.fxg4 Bxg4 27.Rf1 Qe6 28.Rxf6 Qxf6 29.Nxg4
Qxh4 30.Nh2 Nf5 31.Nf3 Nxe3 32.Nxh4 Nxg2 33.Kxg2 Nxd4 34.Nxd5 Rd8 35.Nc3 Nc2
36.Rg1 Rd2+ 37.Kf3 Nb4 38.Rxg6+ Kf7 39.Rg2 Rxg2 40.Nxg2 Nd3 41.Nd1 b5 42.Nge3
Ke6 43.Ke4 Kd6 44.Kd4 Nc1 45.Nc3 Kc6 46.Nxc4 b4 47.Ne5+ Kb7 48.Na4 Nxa2 49.Nd3
Ka6 50.Kc4 Ka5 51.Kb3 Nc3 52.Nxc3 {#r} 1-0

[Event "CHN Team Men 2017"]
[Site "Beijing CHN"]
[Date "2017.06.10"]
[Round "5.3"]
[White "Liu,Zhaoqi"]
[Black "Huang,Renjie"]
[Result "0-1"]
[WhiteElo "2151"]
[BlackElo "2156"]
[EventType "team"]

1.c4 c5 2.g3 Nf6 3.Bg2 d5 4.cxd5 Nxd5 5.Nc3 Nxc3 6.bxc3 g6 7.Qb3 Qb6 8.Qc2 Bg7
9.Nf3 O-O 10.O-O Nd7 11.Rb1 Qc7 12.d3 Rb8 13.a4 b6 14.Nd2 Bb7 15.Bxb7 Qxb7
16.Nc4 Qc6 17.Bg5 Rfe8 18.e4 a6 19.Bf4 e5 20.Bd2 b5 21.Ne3 Nf6 22.c4 bxa4
23.Bc3 Qd7 24.Ba1 Rb4 25.h3 a5 26.Kg2 Bh6 27.f4 Qb7 28.Bxe5 Rxe5 29.fxe5 Nxe4
30.Nd5 Nd2 31.Rxb4 axb4 32.Qxa4 Nxf1 33.Kxf1 b3 34.Kf2 Bg5 35.h4 b2 36.Nc3 Bd2
37.Nb1 Bb4 38.Qe8+ Kg7 39.Qd8 Qc6 40.g4 Qe6 41.Qg5 f6 42.exf6+ Qxf6+ 43.Ke3
Qe6+ 44.Kf3 h6 45.Qe3 Qxe3+ 46.Kxe3 Kf6 47.d4 Ke6 48.dxc5 Bxc5+ 49.Kd3 Ke5
50.Kc3 Bd4+ 51.Kc2 Ke4 52.Nd2+ Kf4 53.Nb3 Be5 54.g5 h5 55.Nc5 Kg4 56.Nd3 Bb8
57.Nxb2 Kxh4 58.Kd3 Kg3 59.Ke2 h4 60.Kf1 Ba7 61.Nd3 h3 62.c5 Bxc5 63.Nf2 h2
64.Nh1+ Kh3 {#R} 0-1

[Event "12th Teplice Open 2017"]
[Site "Teplice CZE"]
[Date "2017.06.11"]
[Round "2.4"]
[White "Toma,K"]
[Black "Turov,M"]
[Result "0-1"]
[WhiteElo "2253"]
[BlackElo "2595"]

1.d4 Nf6 2.c4 c5 3.Nf3 cxd4 4.Nxd4 Nc6 5.Nc3 e6 6.Ndb5 d6 7.Bf4 e5 8.Bg5 a6
9.Na3 Be6 10.e4 Be7 11.Bxf6 Bxf6 12.Bd3 O-O 13.O-O Rc8 14.Nc2 Na5 15.Ne3 Bg5
16.Ned5 Nxc4 17.Bxc4 Rxc4 18.Qb3 Qc8 19.Rfd1 Qc6 20.a4 Rc8 21.h3 g6 22.Rd3 Rd4
23.Rad1 Qc4 24.Qxc4 Rcxc4 25.b3 Rxd3 26.Rxd3 Rd4 27.Rd1 Kg7 28.Kf1 Rxd1+
29.Nxd1 Bxd5 30.exd5 e4 31.Nb2 b5 32.axb5 axb5 33.Nd1 Bf6 34.Ke2 Bd4 35.f3
exf3+ 36.Kxf3 f5 37.h4 Kf6 38.Kf4 h6 39.g4 g5+ 40.hxg5+ hxg5+ 41.Kf3 Ke5 {#R}
0-1

[Event "12th American Continental"]
[Site "Medellin COL"]
[Date "2017.06.11"]
[Round "2.49"]
[White "Ynojosa,F"]
[Black "Mateus,Mar"]
[Result "1-0"]
[WhiteElo "2395"]
[BlackElo "2138"]

1.c4 c5 2.Nc3 d6 3.e3 e5 4.d4 cxd4 5.exd4 Nc6 6.d5 Nd4 7.Nge2 Nxe2 8.Bxe2 Be7
9.f4 exf4 10.Bxf4 Nf6 11.O-O O-O 12.Kh1 Re8 13.Rc1 b6 14.b4 Bb7 15.Bd3 Rc8
16.Nb5 a6 17.Nd4 g6 18.Qf3 Kg7 19.Bg5 h6 20.Bh4 g5 21.Nf5+ Kf8 22.Nxe7 Qxe7
23.Rce1 Qd8 24.Rxe8+ Kxe8 25.Bg3 {#r} 1-0

[Event "9th Capo d'Orso Open 2017"]
[Site "Porto Mannu Palau ITA"]
[Date "2017.06.10"]
[Round "9.4"]
[White "Mantovani,R"]
[Black "Brunello,S"]
[Result "0-1"]
[WhiteElo "2319"]
[BlackElo "2578"]

1.Nf3 c5 2.c4 Nf6 3.g3 Nc6 4.Bg2 d5 5.cxd5 Nxd5 6.Nc3 Nc7 7.d3 e5 8.O-O Be7
9.b3 O-O 10.Bb2 Bg4 11.h3 Be6 12.Rc1 f6 13.Kh2 Qd7 14.Ne4 b6 15.a3 Nd5 16.e3
Rfd8 17.Re1 h6 18.Ned2 Bf7 19.d4 cxd4 20.exd4 Nxd4 21.Nxd4 exd4 22.Nf3 a5
23.Nxd4 Bc5 24.Qf3 Ne7 25.Qe2 Bxd4 26.Bxd4 Qxd4 27.Red1 Qe5 28.Qxe5 fxe5
29.Bxa8 Rxa8 30.Rc7 Nf5 31.b4 axb4 32.axb4 Nd4 33.Rdc1 Ra2 {#R} 0-1

[Event "39th Nezhmetdinov Mem"]
[Site "Kazan RUS"]
[Date "2017.06.06"]
[Round "7.1"]
[White "Lintchevski,D"]
[Black "Moiseenko,Va"]
[Result "1-0"]
[WhiteElo "2532"]
[BlackElo "2528"]

1.Nf3 Nf6 2.c4 c5 3.Nc3 Nc6 4.e3 e6 5.d4 d5 6.a3 cxd4 7.exd4 Ne4 8.Bd3 Nxc3
9.bxc3 dxc4 10.Bxc4 Be7 11.O-O O-O 12.Bd3 b6 13.Qc2 g6 14.h4 Bb7 15.Bh6 Re8
16.h5 Bf8 17.Bxf8 Kxf8 18.Qd2 Kg8 19.Qf4 e5 20.Qh6 Qf6 21.Ng5 Qg7 22.Qxg7+
Kxg7 23.h6+ Kxh6 24.Nxf7+ Kg7 25.Nd6 Re7 26.Nxb7 Rxb7 27.dxe5 Rc7 28.f4 Rd8
29.Rad1 Rd5 30.Be4 Rc5 31.Bxc6 R5xc6 32.Rf3 Kf7 33.Kf2 Rc5 34.Re3 Ke8 35.Rdd3
Rc4 36.Kf3 Ra4 37.g4 Rf7 38.Rd4 Rxa3 39.e6 Rc7 40.f5 Ra1 41.Red3 h5 42.Rd8+
Ke7 43.R8d7+ Rxd7 44.Rxd7+ Kf8 45.Kf4 gxf5 46.gxf5 {#r} 1-0

[Event "CHN Team Men 2017"]
[Site "Beijing CHN"]
[Date "2017.06.11"]
[Round "6.5"]
[White "Zhang,Ziji"]
[Black "Zuo,Yifan"]
[Result "1-0"]
[WhiteElo "2362"]
[BlackElo "2139"]
[EventType "team"]

1.Nf3 c5 2.c4 Nc6 3.Nc3 Nf6 4.e3 g6 5.d4 cxd4 6.exd4 d5 7.cxd5 Nxd5 8.Qb3 Nxc3
9.Bc4 e6 10.bxc3 a6 11.Bd3 Bg7 12.Ba3 Qd5 13.Qb2 b5 14.Qe2 Bd7 15.O-O Rc8
16.Be4 Qc4 17.Qxc4 bxc4 18.Nd2 Nd8 19.Rfb1 Bb5 20.Bb4 f5 21.Bf3 Bh6 22.Rb2
Bxd2 23.Rxd2 Bc6 24.d5 Bxd5 25.Bxd5 exd5 26.Rxd5 Nc6 27.Ba3 Kf7 28.Rd7+ Ke6
29.Rad1 Rhd8 30.R1d6+ Ke5 31.Rxc6 Rxd7 32.f4+ Kxf4 33.Rxc8 Rd1+ 34.Kf2 Rd2+
35.Kf1 Rxa2 36.Rxc4+ Ke3 37.Bc5+ Kd3 38.Rh4 h5 39.Rh3+ Kc4 40.Bf8 Rb2 41.Bb4
Ra2 42.Rg3 a5 43.Bf8 a4 44.Rxg6 Kxc3 45.Rg5 h4 46.Rxf5 {#r} 1-0

[Event "18th ch-EUR Indiv 2017"]
[Site "Minsk BLR"]
[Date "2017.06.06"]
[Round "7.55"]
[White "Dragnev,Valentin"]
[Black "Safarli,E"]
[Result "0-1"]
[WhiteElo "2508"]
[BlackElo "2668"]

1.Nf3 c5 2.c4 Nc6 3.Nc3 g6 4.g3 Bg7 5.Bg2 d6 6.O-O e6 7.e3 Nge7 8.d4 O-O 9.b3
Nf5 10.Ne2 b6 11.Bb2 Bb7 12.Qd2 e5 13.dxe5 dxe5 14.Rfd1 e4 15.Ne1 Ne5 16.Nc3
Qxd2 17.Rxd2 Rfe8 18.Nb5 Re7 19.Rad1 h5 20.Bh3 Ng4 21.Bxg7 Kxg7 22.Bxg4 hxg4
23.Nd6 Nh6 24.Nc2 Bc6 25.Na3 Ng8 26.Nb1 Nf6 27.Nc3 Nd7 28.Nd5 Bxd5 29.Rxd5 Ne5
30.Kg2 Nf3 31.h3 gxh3+ 32.Kxh3 Rh8+ 33.Kg2 Rh2+ 34.Kf1 f5 35.Ke2 Ne5 36.Nc8
Nd3 37.Rf1 Rf7 38.Nd6 Rf8 39.a3 Rg2 40.Nb5 Rh8 41.Rd7+ Kf6 42.Nc3 Rhh2 43.Nd1
Rxg3 44.Rxa7 f4 45.Rd7 f3+ 46.Kd2 g5 47.Rxd3 exd3 48.Kxd3 Rgh3 49.Ke4 Rh1
50.Rxh1 Rxh1 51.Nc3 g4 52.Kf4 Rg1 53.Nd5+ Kg6 54.Nxb6 Kh5 55.Nd7 Kh4 56.Nxc5
Rb1 57.Nd3 Rxb3 58.Ne5 Rb8 59.Nxf3+ gxf3 60.Kxf3 Rc8 61.Kf4 Rxc4+ 62.e4 Kh5
63.Ke5 Kg6 64.f4 Ra4 65.f5+ Kf7 66.Kf4 Kf6 {#R} 0-1

[Event "12th American Continental"]
[Site "Medellin COL"]
[Date "2017.06.11"]
[Round "3.13"]
[White "Valdes,Le"]
[Black "Flores,Di"]
[Result "0-1"]
[WhiteElo "2407"]
[BlackElo "2567"]

1.Nf3 g6 2.c4 Bg7 3.Nc3 c5 4.g3 Nc6 5.Bg2 e6 6.d4 cxd4 7.Nb5 d5 8.cxd5 Qa5+
9.Bd2 Qxb5 10.dxc6 Ne7 11.cxb7 Bxb7 12.O-O O-O 13.a4 Qd7 14.b4 Nd5 15.Rc1 Rac8
16.Qb3 Nc3 17.Bxc3 Rxc3 18.Rxc3 dxc3 19.Rc1 Bd5 20.Qc2 Qb7 21.b5 Be4 22.Qb3
Rd8 23.Ne1 Bxg2 24.Nxg2 Qe4 25.Ne3 Rd2 26.Rc2 Bd4 27.Rxd2 cxd2 28.Nd1 Qxe2
29.a5 e5 30.Kg2 e4 31.b6 axb6 32.axb6 Bxf2 33.Nxf2 e3 34.b7 Qxf2+ 35.Kh3 Qf1+
36.Kh4 h6 37.b8=Q+ Kh7 38.Qd6 g5+ {#R} 0-1

[Event "9th Lublin GM 2017"]
[Site "Lublin POL"]
[Date "2017.06.09"]
[Round "8.1"]
[White "Nguyen,P"]
[Black "Sergeev,Vl"]
[Result "1-0"]
[WhiteElo "2438"]
[BlackElo "2446"]

1.c4 g6 2.Nc3 Bg7 3.g3 c5 4.Bg2 Nc6 5.Nf3 e6 6.O-O Nge7 7.d4 cxd4 8.Nb5 O-O
9.Nbxd4 d5 10.cxd5 Nxd4 11.Nxd4 Nxd5 12.e4 Nb6 13.Nb5 Qxd1 14.Rxd1 Bd7 15.Nd4
Rac8 16.b3 Rfd8 17.Be3 Be8 18.Rab1 Rd7 19.Nf3 Rcd8 20.Rdc1 Nc8 21.Bf1 a6 22.b4
Nd6 23.e5 Nf5 24.Bb6 Ra8 25.b5 axb5 26.Bxb5 Re7 27.g4 Nh6 28.h3 Bxb5 29.Rxb5
Ree8 30.Rc2 Rec8 31.Rd2 Kf8 32.Bc5+ Kg8 33.Be3 Rc7 34.Rdb2 Rb8 35.a4 f5
36.exf6 Bxf6 37.Bxh6 Bxb2 38.Rxb2 Ra8 39.Rb4 Kf7 40.Bf4 {#r} 1-0

[Event "12th Teplice Open 2017"]
[Site "Teplice CZE"]
[Date "2017.06.11"]
[Round "2.10"]
[White "Schmidt,Tom DEN"]
[Black "Zakhartsov,Vi"]
[Result "0-1"]
[WhiteElo "2187"]
[BlackElo "2544"]

1.Nf3 g6 2.g3 Bg7 3.Bg2 c5 4.c4 Nc6 5.Nc3 e6 6.O-O Nge7 7.a3 d5 8.Rb1 O-O 9.d3
b6 10.Bd2 Bb7 11.cxd5 exd5 12.b4 cxb4 13.axb4 d4 14.Na4 Nd5 15.b5 Nce7 16.Qb3
Nf5 17.Ng5 h6 18.Ne4 Nfe7 19.Bc1 Re8 20.Ba3 Nf5 21.Rfc1 Rc8 22.Rxc8 Qxc8
23.Rc1 Qe6 24.Rc2 Ba8 25.Bh3 Be5 26.Qa2 Rc8 27.Rxc8+ Qxc8 28.Qc4 Qd7 29.Bg2
Bg7 30.Bh3 Be5 31.Bg2 Nc7 32.Qb4 Bg7 33.Bh3 Qxb5 34.Bxf5 Qxb4 35.Bxb4 gxf5
36.Nd2 Nd5 37.Ba3 Nc3 38.Nxc3 dxc3 39.Nf1 a5 40.Ne3 b5 41.Nxf5 b4 42.Bc1 b3
{#R} 0-1

[Event "18th ch-EUR Indiv 2017"]
[Site "Minsk BLR"]
[Date "2017.06.06"]
[Round "7.81"]
[White "Moroni,L"]
[Black "Shomoev,A"]
[Result "1-0"]
[WhiteElo "2448"]
[BlackElo "2550"]

1.c4 g6 2.d4 Bg7 3.Nf3 c5 4.e4 d6 5.d5 e6 6.Nc3 Ne7 7.Bd3 O-O 8.O-O h6 9.h3
Nd7 10.dxe6 fxe6 11.Be2 Ne5 12.Nxe5 dxe5 13.Be3 b6 14.Qc1 Kh7 15.Rd1 Qc7
16.Nb5 Qb8 17.b4 cxb4 18.c5 a6 19.Nd6 Nc6 20.cxb6 Nd4 21.Bxd4 exd4 22.Qc5 Rd8
23.e5 Bb7 24.Bc4 Rd7 25.Rxd4 Qf8 26.f4 Qe7 27.Rad1 Rad8 28.Nxb7 Qxc5 29.Nxc5
Rxd4 30.Rxd4 Rxd4 31.b7 Rxc4 32.Nb3 {#r} 1-0

[Event "12th American Continental"]
[Site "Medellin COL"]
[Date "2017.06.10"]
[Round "1.35"]
[White "Gallego Alcaraz,A"]
[Black "Abril,M"]
[Result "1-0"]
[WhiteElo "2453"]
[BlackElo "2020"]

1.d4 g6 2.c4 Bg7 3.Nf3 c5 4.d5 f5 5.g3 b5 6.cxb5 a6 7.bxa6 Nf6 8.Bg2 Nxa6
9.O-O Bb7 10.Nc3 Nb4 11.Ne1 Qb6 12.a3 Na6 13.Nc2 O-O 14.Ne3 Nc7 15.Rb1 Nfe8
16.Qc2 Nd6 17.Na4 Rxa4 18.Qxa4 Ncb5 19.Nc2 Ra8 20.Qb3 Qa6 21.Bd2 c4 22.Qe3 Bf6
23.Bb4 Qa4 24.Rfc1 Nf7 25.Qd2 Rc8 26.Ne3 Nfd6 27.Qd1 Qa6 28.Nc2 Nf7 29.b3 cxb3
30.Rxb3 Qa4 31.Rbb1 Qa8 32.Ne3 Rxc1 33.Qxc1 Nd4 34.Qd2 Ba6 35.d6 Qe8 36.dxe7
Nxe2+ 37.Kh1 Bxe7 38.Nd5 Bg5 39.f4 Bd8 40.Re1 Qe6 41.Nc3 Bb6 42.Rxe2 Bxe2
43.Qxe2 {#r} 1-0

[Event "12th American Continental"]
[Site "Medellin COL"]
[Date "2017.06.11"]
[Round "2.29"]
[White "Lora,J"]
[Black "Arenas,D"]
[Result "0-1"]
[WhiteElo "2193"]
[BlackElo "2488"]

1.Nf3 g6 2.d4 Bg7 3.c3 d6 4.Bf4 Nd7 5.Nbd2 e5 6.dxe5 dxe5 7.Bg3 Ne7 8.e4 O-O
9.Bc4 Nc6 10.Nb3 Qe7 11.Bh4 Bf6 12.Bg3 Nb6 13.Bd3 Be6 14.Qe2 a5 15.O-O Rfd8
16.Rfd1 a4 17.Nbd2 Qc5 18.a3 Na5 19.Ne1 Rd7 20.Nf1 Rad8 21.Bc2 h5 22.h3 Bc4
23.Qf3 Kg7 24.Ne3 Nb3 25.Rxd7 Rxd7 26.Bxb3 Bxb3 27.Qe2 Qc6 28.f3 Qd6 29.h4 Qd2
30.Kf1 Nc4 31.Nxc4 Qxe2+ 32.Kxe2 Bxc4+ 33.Ke3 g5 34.hxg5 Bxg5+ 35.f4 exf4+
36.Bxf4 Bxf4+ 37.Kxf4 Rd2 38.Rb1 Ba2 39.Rc1 Rf2+ 40.Kg5 f6+ 41.Kh4 Rf4+ 42.Kg3
Rxe4 43.Kf2 Bd5 44.Rd1 c6 45.Nc2 Rf4+ 46.Kg1 Kf7 47.Nd4 Kg6 48.Re1 Rg4 49.Re2
f5 50.Kh2 Kf6 51.Rf2 Be4 52.Kh3 Ke5 53.g3 f4 54.Ne2 Bf5 55.Kh2 fxg3+ 56.Nxg3
Bd3 57.Rf3 h4 58.Re3+ Be4 {#R} 0-1

[Event "10th Mayors Cup Open 2017"]
[Site "Mumbai IND"]
[Date "2017.06.07"]
[Round "5.8"]
[White "Mithil,A"]
[Black "Rahman,Zia"]
[Result "0-1"]
[WhiteElo "2203"]
[BlackElo "2526"]

1.d4 e6 2.c4 b6 3.Nf3 Bb7 4.Nc3 Bb4 5.Qc2 f5 6.a3 Bxc3+ 7.Qxc3 Nf6 8.g3 O-O
9.Bg2 Be4 10.O-O Nc6 11.b4 Ne7 12.Bb2 c6 13.Bc1 b5 14.Bf4 bxc4 15.Qxc4 Bd5
16.Qc2 Ne8 17.Ne5 Bxg2 18.Kxg2 Nd5 19.Bd2 Nd6 20.e3 Nf6 21.f3 Qb6 22.h3 Nf7
23.Nc4 Qb8 24.g4 Qb5 25.Rae1 Rac8 26.a4 Qa6 27.Nb2 Nd6 28.Nd3 Rb8 29.Nc5 Qc4
30.Rc1 Qxc2 31.Rxc2 h6 32.Re1 Nf7 33.e4 fxe4 34.fxe4 e5 35.dxe5 Nxe5 36.Bc3
Rbe8 37.Rd2 Rf7 38.Rd6 Nc4 39.Rd4 d5 40.b5 cxb5 41.axb5 Nd6 42.exd5 Rc8 43.Bb4
Nxb5 44.Rd2 a5 45.d6 axb4 46.d7 Rd8 47.Rb1 Nc3 48.Rxb4 Re7 49.Rb7 Nce4 50.Nxe4
Nxe4 51.Re2 Kf8 52.h4 Nd6 53.Rf2+ Rf7 54.Rxf7+ Kxf7 55.Ra7 Ke7 56.Kf3 Rxd7
57.Ra5 Ke6 58.g5 h5 59.g6 Kf6 60.Rxh5 Nf5 61.Rh8 Kxg6 62.h5+ Kg5 63.Rh7 Nh6
64.Rh8 Kxh5 65.Kf4 Rf7+ 66.Kg3 Kg5 67.Ra8 Nf5+ 68.Kh3 Rb7 69.Ra3 Rb5 70.Ra4
Rb3+ 71.Kh2 Rd3 72.Rb4 Rd4 73.Rb3 Kg4 74.Rb2 g5 75.Rg2+ Kh5 76.Rf2 Rf4 77.Ra2
g4 78.Ra3 Rf2+ 79.Kg1 Rb2 80.Rc3 Nd4 81.Rd3 Ne2+ 82.Kf2 Nf4+ 83.Kg3 Ne2+
84.Kf2 Kh4 85.Rd8 Nf4+ 86.Ke3 Ng2+ 87.Ke4 Re2+ 88.Kf5 Rf2+ 89.Ke4 Rf4+ 90.Ke5
Ra4 91.Rd3 Nf4 92.Rd2 g3 93.Kf5 Nh5 94.Rd1 g2 95.Rg1 Kg3 96.Kg6 Ra5 97.Kh6 Kh2
98.Rb1 Ng3 {#R} 0-1

[Event "10th Mayors Cup Open 2017"]
[Site "Mumbai IND"]
[Date "2017.06.08"]
[Round "7.4"]
[White "Neelotpal,D"]
[Black "Rahman,Zia"]
[Result "1-0"]
[WhiteElo "2438"]
[BlackElo "2526"]

1.d4 e6 2.Nf3 c5 3.c4 cxd4 4.Nxd4 a6 5.Nc3 Qc7 6.e4 Nf6 7.a3 Nc6 8.Be3 Nxd4
9.Bxd4 d6 10.Bd3 Be7 11.O-O O-O 12.Rc1 b6 13.Qf3 Nd7 14.Rfd1 Bb7 15.Qg3 g6
16.h4 Bf6 17.Bxf6 Nxf6 18.Qf4 Nh5 19.Qe3 Rab8 20.Be2 Ng7 21.h5 Rfd8 22.h6 Ne8
23.b4 Ba8 24.Rd2 Qe7 25.Rcd1 Rdc8 26.e5 dxe5 27.Qxe5 Qc7 28.Qg5 Bc6 29.a4 Qa7
30.b5 axb5 31.axb5 Qa5 32.Qe5 Bd5 33.Nxd5 exd5 34.Rxd5 Qa3 35.Rd7 Qc5 36.R1d5
Qf8 37.Qf4 Ra8 38.Bf3 Ra1+ 39.Kh2 f6 40.Rd8 Rxd8 41.Rxd8 Re1 42.Bd5+ Kh8
43.Be4 {#r} 1-0

[Event "FSIM June 2017"]
[Site "Budapest HUN"]
[Date "2017.06.09"]
[Round "7.2"]
[White "Sahil,Tic"]
[Black "Pujari,R"]
[Result "0-1"]
[WhiteElo "2229"]
[BlackElo "2199"]

1.d4 d6 2.c4 e5 3.Nc3 exd4 4.Qxd4 Nc6 5.Qd2 Be6 6.e4 f5 7.exf5 Bxf5 8.Nf3 Nf6
9.Be2 Be7 10.O-O Qd7 11.Nd4 O-O 12.Nxf5 Qxf5 13.Qg5 Qd7 14.Nd5 Nxd5 15.Qxd5+
Kh8 16.Be3 Bf6 17.Qd2 Rae8 18.Rad1 b6 19.c5 bxc5 20.Bxc5 Nd4 21.Bxd4 Bxd4
22.Qxd4 Rxe2 23.Rd2 c5 24.Qd3 Re6 25.Qc4 Rg6 26.Rfd1 h6 27.g3 Rf5 28.Qe4 Rff6
29.Qa8+ Kh7 30.Re1 Re6 31.Rxe6 Qxe6 32.Kg2 Qxa2 33.h4 Qe6 34.Qxa7 Qe4+ 35.Kh2
Qe1 36.Qa5 Rf6 37.f4 Rg6 38.Qc3 Rxg3 39.Qxg3 Qxd2+ 40.Kh3 Qd5 41.Qe3 Qf5+
42.Kg3 h5 43.Kf2 c4 44.Qd4 d5 45.Ke3 Qh3+ 46.Ke2 Qg2+ 47.Kd1 Qe4 48.Qd2 d4
49.Kc1 Kg8 50.Kd1 d3 51.Qf2 Qh1+ 52.Kd2 Qb1 53.Ke3 Qc1+ 54.Ke4 d2 55.Qb6 Qe1+
56.Kf5 d1=Q 57.Qb8+ Kh7 {#R} 0-1

[Event "CHN Team Women 2017"]
[Site "Beijing CHN"]
[Date "2017.06.06"]
[Round "1.5"]
[White "Ning,Kaiyu"]
[Black "Kuang Yinghui"]
[Result "1-0"]
[WhiteElo "2078"]
[BlackElo "2213"]
[EventType "team"]

1.d4 d6 2.Nf3 g6 3.c4 Bg7 4.Nc3 Nc6 5.g3 Bg4 6.d5 Bxf3 7.exf3 Ne5 8.f4 Nd7
9.Bg2 Ngf6 10.O-O O-O 11.Qc2 a5 12.a3 Nb6 13.Qd3 Nfd7 14.Be3 a4 15.Rab1 Ra5
16.Ne4 Nc5 17.Nxc5 dxc5 18.Bd2 Ra7 19.Bc3 Nc8 20.Bxg7 Kxg7 21.f5 Nd6 22.fxg6
hxg6 23.Bh3 c6 24.dxc6 bxc6 25.Qe3 Qa5 26.Rfc1 Rb8 27.Bg2 Rc7 28.g4 Rb3
29.Qe5+ f6 30.Qe6 Qd2 31.Rd1 Qf4 32.h4 Qe5 33.Qxe5 fxe5 34.Rdc1 e4 35.Re1 Nxc4
36.Bxe4 Nxb2 37.Bc2 Rbb7 38.Re6 c4 39.Rxg6+ Kf7 40.h5 c3 41.Bf5 e5 42.h6 Kf8
43.Rf6+ Rf7 44.h7 Kg7 45.Rxc6 Rbc7 46.Rd6 Rf8 47.Bc2 Nc4 48.Rg6+ Kh8 49.Rd1
Rxh7 50.Rc6 Na5 51.Rxc3 Rh4 52.f3 Rf4 53.Re1 Nc4 54.Bxa4 Rh6 55.Rec1 Nd2
56.Rc8+ Kg7 57.R1c7+ Rf7 58.Rxf7+ Kxf7 59.Bc6 Rd6 60.a4 Rd3 61.Kf2 Ra3 62.Ra8
Kf6 63.a5 Nc4 64.a6 Ra2+ 65.Kg3 Ne3 66.Bb5 {#r} 1-0

[Event "44th OKU 2017"]
[Site "Utrecht NED"]
[Date "2017.06.10"]
[Round "2.5"]
[White "Peng Zhaoqin"]
[Black "Hummel,Pau"]
[Result "1-0"]
[WhiteElo "2386"]
[BlackElo "2091"]

1.e4 g6 2.d4 Bg7 3.c4 d6 4.Nc3 a6 5.Be3 Nd7 6.Nf3 e5 7.d5 Ne7 8.g4 h6 9.Be2
Nf6 10.h3 g5 11.c5 Ng6 12.Qa4+ Bd7 13.c6 bxc6 14.dxc6 Be6 15.O-O-O O-O 16.Bc4
Qe7 17.Nd2 Rfd8 18.Nb3 a5 19.Nd5 Bxd5 20.exd5 Nh4 21.Rhe1 Nf3 22.Re2 Nh7
23.Nd2 Nxd2 24.Rdxd2 Qf6 25.Bd3 Nf8 26.Bf5 Rdb8 27.a3 Ng6 28.Bxg6 fxg6 29.Qe4
a4 30.Rd3 Rb5 31.Kc2 Rab8 32.Bc1 Qf7 33.Kb1 Rb3 34.Rxb3 Rxb3 35.Be3 Kh7 36.Rd2
Qe8 37.Qxa4 Qb8 38.Ka2 {#r} 1-0